BUBT Library Online Catalog

Quantitative Analysis for Management : (Record no. 5794)

000 -LEADER
fixed length control field 00779nam a22002177a 4500
003 - CONTROL NUMBER IDENTIFIER
control field BUBTL
008 - FIXED-LENGTH DATA ELEMENTS--GENERAL INFORMATION
fixed length control field 180911b xxu||||| |||| 00| 0 eng d
020 ## - INTERNATIONAL STANDARD BOOK NUMBER
International Standard Book Number 9789332568587
082 ## - DEWEY DECIMAL CLASSIFICATION NUMBER
Classification number 658.403/ R2926q/ 2016
100 ## - MAIN ENTRY--PERSONAL NAME
9 (RLIN) 2015
Personal name Render, Barry
245 ## - TITLE STATEMENT
Title Quantitative Analysis for Management :
Statement of responsibility, etc. Barry Render , Ralph M. Stair and Michael E. Hanna and Trevor S. Hale and T.N. Badri
250 ## - EDITION STATEMENT
Edition statement 12th
260 ## - PUBLICATION, DISTRIBUTION, ETC. (IMPRINT)
Place of publication, distribution, etc. Delhi
Name of publisher, distributor, etc. Pearson
Date of publication, distribution, etc. c2016
300 ## - PHYSICAL DESCRIPTION
Extent [xviii], 621p . :
Other physical details ill. Chart, Table ; 28cm .
500 ## - GENERAL NOTE
General note Includes Bibliography and Index .
650 #0 - SUBJECT ADDED ENTRY--TOPICAL TERM
9 (RLIN) 18
Topical term or geographic name as entry element Finance
700 ## - ADDED ENTRY--PERSONAL NAME
9 (RLIN) 2016
Personal name Barry Render, Ralph M. Stair and Michael E. Hanna and Trevor S. Hale and T.N. Badri
856 ## - ELECTRONIC LOCATION AND ACCESS
Password 0
Logon 0
Link text Download
942 ## - ADDED ENTRY ELEMENTS (KOHA)
Source of classification or shelving scheme
Koha item type Books
Holdings
Withdrawn status Lost status Source of classification or shelving scheme Damaged status Not for loan Collection code Permanent location Current location Shelving location Date acquired Inventory number Total Checkouts Full call number Barcode Date last seen Copy number Price effective from Koha item type
        Not For Loan Non-fiction Bangladesh University of Business and Technology Library Bangladesh University of Business and Technology Library Finance Stacks 09/11/2018 24771   658 REQ BUBTL-200324771 09/11/2018 C-1 09/11/2018 Books
          Non-fiction Bangladesh University of Business and Technology Library Bangladesh University of Business and Technology Library Finance Stacks 09/11/2018 24769   658 REQ BUBTL-200324769 09/11/2018 C-2 09/11/2018 Books
          Non-fiction Bangladesh University of Business and Technology Library Bangladesh University of Business and Technology Library Finance Stacks 09/11/2018 24768   658 REQ BUBTL-200324768 09/11/2018 C-3 09/11/2018 Books
          Non-fiction Bangladesh University of Business and Technology Library Bangladesh University of Business and Technology Library Finance Stacks 09/11/2018 24767   658 REQ BUBTL-200324767 09/11/2018 C-4 09/11/2018 Books
          Non-fiction Bangladesh University of Business and Technology Library Bangladesh University of Business and Technology Library Finance Stacks 09/11/2018 24770   658 REQ BUBTL-200324770 09/11/2018 C-5 09/11/2018 Books

More Information About Library

Library Hours

  • Open: 9.00 am. to 9.00 pm.
  • Only Sunday: 9.00 am. to 6.00 pm.
  • Closed: Holiday

Contact to the University

Bangladesh University of Business and Technology Library

  • Mirpurl-2, 1216.
  • Phone:
  • Fax:
  • E-Mail: admin.library@bubt.edu.bd

Contact to the Library

Contact Person:

Md. Abdul Hakim Shah
Joint Librarian
PABX No:  113
Cell No: 01816332931
E-mail: official: admin.library@bubt.edu.bd
Personal: hakim.shah@bubt.edu.bd


BUBT Library

Copyright © 2021